[Event "NATO-ch 13th"]
[Site "Brest"]
[Date "2002.10.08"]
[Round "2.8"]
[White "Lebel, Patrick"]
[Black "Svendsen, Bertil"]
[Result "1/2-1/2"]
[WhiteElo "2183"]
[BlackElo "2020"]
[PlyCount "41"]
[EventDate "2002.10.07"]
[EventType "swiss"]
[EventRounds "7"]
[EventCountry "FRA"]
[SourceTitle "EXT 2003"]
[Source "ChessBase"]
[SourceDate "2002.11.25"]
[SourceVersion "1"]
[SourceVersionDate "2002.11.25"]
[SourceQuality "1"]

1. b4 c6 2. e3 d6 3. Bb2 Qb6 4. a3 a5 5. Bd4 Qc7 6. b5 e5 7. Bb2 Nf6 8. c4 Be7 9. Nc3 0-0 10. Nf3 Bg4 11. Be2 Nbd7 12. d4 Rfe8 13. 0-0 Bf8 14. h3 Bh5 15. a4 exd4 16. Nxd4 Bxe2 17. Qxe2 Nc5 18. Rfd1 Rad8 19. Qf3 Nfe4 20. Nxe4 Nxe4 21. Rac1 1/2-1/2

[Event "NATO-ch 13th"]
[Site "Brest"]
[Date "2002.10.??"]
[Round "4.16"]
[White "Falbo, Sandro"]
[Black "Svendsen, Bertil"]
[Result "1-0"]
[WhiteElo "2210"]
[BlackElo "2020"]
[PlyCount "61"]
[EventDate "2002.10.07"]
[EventType "swiss"]
[EventRounds "7"]
[EventCountry "FRA"]
[SourceTitle "EXT 2003"]
[Source "ChessBase"]
[SourceDate "2002.11.25"]
[SourceVersion "1"]
[SourceVersionDate "2002.11.25"]
[SourceQuality "1"]

1. d4 g6 2. e4 Bg7 3. Nc3 d6 4. Nf3 Nf6 5. Be2 0-0 6. 0-0 c6 7. a4 Qc7 8. h3 Nbd7 9. Be3 e5 10. dxe5 dxe5 11. Bc4 Nh5 12. Bb3 Ndf6 13. Qe2 h6 14. Rfd1 Re8 15. Qd2 Nf4 16. Qd6 Qxd6 17. Rxd6 N6h5 18. Rad1 Ne6 19. R6d2 Kh7 20. h4 f5 21. exf5 gxf5 22. g4 fxg4 23. Nh2 Nd4 24. Bf7 Nf6 25. Bxe8 Nxe8 26. Ne4 Bf5 27. Bxd4 exd4 28. Ng3 Be6 29. Re1 Bd7 30. Re7 Rd8 31. Rxd4 1-0

[Event "NATO-ch 13th"]
[Site "Brest"]
[Date "2002.10.??"]
[Round "1.1"]
[White "Svendsen, Bertil"]
[Black "Grafl, Florian"]
[Result "1-0"]
[WhiteElo "2020"]
[BlackElo "2351"]
[PlyCount "89"]
[EventDate "2002.10.07"]
[EventType "swiss"]
[EventRounds "7"]
[EventCountry "FRA"]
[SourceTitle "EXT 2003"]
[Source "ChessBase"]
[SourceDate "2002.11.25"]
[SourceVersion "1"]
[SourceVersionDate "2002.11.25"]
[SourceQuality "1"]

1. d4 f5 2. Bg5 h6 3. Bh4 g5 4. e4 Nf6 5. e5 e6 6. exf6 Qxf6 7. Nc3 Bg7 8. Nf3 gxh4 9. Bc4 Nc6 10. Ne2 a6 11. c3 f4 12. Bb3 Ne7 13. Qd2 Rf8 14. 0-0-0 d6 15. Rhe1 Bd7 16. Ne5 0-0-0 17. Nxd7 Rxd7 18. Ng1 d5 19. Nf3 Nc6 20. Qe2 Re8 21. Ba4 b5 22. Bc2 Nd8 23. Ne5 Rde7 24. Qh5 Qg5 25. Qf3 Bxe5 26. Rxe5 Qf6 27. Rde1 Nf7 28. Rh5 Ng5 29. Qg4 h3 30. gxh3 Rg7 31. Qh4 Rh8 32. Re5 Kd7 33. Bd1 Ke7 34. Bg4 Rg6 35. f3 Kd6 36. Qe1 Qf7 37. h4 Nh7 38. Rxd5+ exd5 39. Qe5+ Kc6 40. Qxh8 Nf6 41. Rf5 Kb7 42. h5 Rg7 43. Qd8 Qe6 44. Re5 Qc6 45. Qc8+ 1-0